Films en Images - Statistiques

Statistiques générales
  • Ce quiz a été pris 1 103 fois
  • Le résultat moyen est 11 sur 16
Statistiques - réponses
Par images Réponse % Correct
Intouchables
89%
Charlie et la Chocolaterie
86%
Fast and Furious
86%
Les Tuche
85%
Forrest Gump
83%
Pirates des Caraïbes
82%
Jurassic Park
73%
Very Bad Trip
71%
Babysitting
70%
Creed
67%
Oppenheimer
67%
Il faut sauver le soldat Ryan
63%
Interstellar
61%
Django Unchained
49%
Fury
40%
Inglourious Basterds
30%
Aucun quiz correspondant
Distribution des résultats
% des personnes avec chaque résultat
Percentile par nombre de réponses
Votre historique - résultats
Vous n’avez pas pris ce quiz